[Event "Barcelona Sant Marti op-B 23rd"]
[Site "Barcelona"]
[Date "2023.07.17"]
[Round "5"]
[White "Graciano Dalmau, Alex"]
[Black "Marzo Ruiz, Xavier"]
[Result "1-0"]
[WhiteElo "1570"]
[BlackElo "1346"]
[PlyCount "87"]
[EventDate "2023.07.13"]
[EventType "swiss"]
[EventRounds "9"]
[EventCountry "ESP"]
[SourceTitle "CBM 215 Extra"]
[Source "ChessBase"]
[SourceDate "2023.09.30"]
[SourceVersion "1"]
[SourceVersionDate "2023.09.30"]
[SourceQuality "1"]

1. e4 Nf6 2. e5 Nd5 3. Nf3 d6 4. d4 Bg4 5. h3 Bh5 6. Be2 Nc6 7. c4 Nb6 8. e6 fxe6 9. Ng5 Bxe2 10. Qxe2 Nxd4 11. Qd3 e5 12. Be3 Qd7 13. Bxd4 exd4 14. 0-0 0-0-0 15. Nf7 Qe6 16. Nxh8 Nxc4 17. b3 Ne5 18. Qxh7 Qf6 19. Nd2 g5 20. Ne4 Qh6 21. Qf5+ e6 22. Qxg5 Qxh8 23. Rac1 Bh6 24. Qe7 Bxc1 25. Qxe6+ Nd7 26. Rxc1 Qe5 27. Nxd6+ Kb8 28. Qxe5 Nxe5 29. Ne4 d3 30. Rd1 Rd4 31. f3 Nc6 32. Kf2 Nb4 33. Rd2 Nc2 34. g4 Kc8 35. g5 Kd8 36. h4 Ke7 37. h5 Rd5 38. h6 Kf8 39. Kg3 c5 40. Kh4 Ne1 41. Kg3 b5 42. f4 c4 43. Nc3 Nc2 44. Nxd5 1-0

[Event "Barcelona Sant Marti op-B 23rd"]
[Site "Barcelona"]
[Date "2023.07.15"]
[Round "3"]
[White "Graciano Dalmau, Alex"]
[Black "Agadzhanian, Vladimir"]
[Result "1/2-1/2"]
[WhiteElo "1570"]
[BlackElo "1700"]
[PlyCount "97"]
[EventDate "2023.07.13"]
[EventType "swiss"]
[EventRounds "9"]
[EventCountry "ESP"]
[SourceTitle "CBM 215 Extra"]
[Source "ChessBase"]
[SourceDate "2023.09.30"]
[SourceVersion "1"]
[SourceVersionDate "2023.09.30"]
[SourceQuality "1"]

1. e4 e6 2. Nf3 d5 3. e5 c5 4. b4 cxb4 5. a3 Nc6 6. axb4 Bxb4 7. c3 Ba5 8. d4 a6 9. Bd3 Nge7 10. 0-0 Bd7 11. Re1 b5 12. Bd2 h6 13. Re2 0-0 14. Be1 b4 15. cxb4 Bxb4 16. Bxa6 Bxe1 17. Qxe1 Qb6 18. Rea2 Nxd4 19. Nxd4 Qxd4 20. Nd2 Ng6 21. Nf3 Qg4 22. h3 Qf4 23. Bd3 Rxa2 24. Rxa2 Rc8 25. Ra1 Nh4 26. Nxh4 Qxh4 27. Qe3 f5 28. exf6 Qxf6 29. Ra7 Be8 30. Ra6 Bf7 31. Bb5 Qc3 32. Qe2 e5 33. Ra7 d4 34. Qxe5 d3 35. Qxc3 Rxc3 36. Rd7 Bg6 37. f3 Kh7 38. Rd6 Rc1+ 39. Kh2 Rd1 40. Kg3 d2 41. Be2 Rb1 42. Rxd2 Rb3 43. Bd1 Rc3 44. Ba4 h5 45. Re2 h4+ 46. Kf2 Kh6 47. Be8 Bf5 48. Re3 Rc2+ 49. Re2 1/2-1/2